Science Quiz

Random Science or Animal Quiz

4-Letter Animals by Image Quiz Stats

 Plays Quiz Updated Mar 18, 2020

Support Sporcle.
Go Orange.
Score 0/20 Timer 04:00
1 Play Today
Answer % Correct
Lion
99.7%
Frog
99.1%
Crab
98.5%
Wolf
98.1%
Hare
92%
Seal
90.7%
Goat
90.6%
Orca
87.4%
Mole
85.4%
Boar
81.4%
Answer % Correct
Lynx
78.4%
Newt
49.4%
Tuna
43.1%
Ibex
39.9%
Vole
38.9%
Ibis
36.8%
Mink
30.8%
Rhea
21%
Kudu
11.4%
Zebu
8.1%

From the Vault

Click an ABC Sitcom (2010s)

by qlh27

Today, it stands for 'Always be clicking.'
Remove Ads.
Support Sporcle.
Get the best of Sporcle when you Go Orange. This ad-free experience offers more features, more stats, and more fun while also helping to support Sporcle. Thank you for becoming a member.

Show Comments

Extras

Top Quizzes Today


Score Distribution

Your Account Isn't Verified!

In order to create a playlist on Sporcle, you need to verify the email address you used during registration. Go to your Sporcle Settings to finish the process.

Report this User

Report this user for behavior that violates our Community Guidelines.

Details: